000 00730nam a2200229 a 4500
001 21691
003 CO-ViMGA
008 141112s2004 ck r 000 u spa d
020 _a8426133282
040 _aCO-ViMGA
_bspa
_cCO-ViMGA
082 0 4 _aGUTn
100 1 _aGutman, Anne; Hallensleben, Georg
245 1 0 _aLos números
260 _abarcelona :
_bJuventud,
_c2003
300 _a14
490 _aMira mira
590 _aForma de adquisición : Donación fact. 8859 - - Precio : 22000 - - Proveedor : Fundación exito - - Fecha de adquisición : Junio 2007
650 1 4 _aANIMALES - ALBUMES
_930961
650 1 4 _aLIBROS ILUSTRADOS PARA NIÑOS
_92001
650 1 4 _aNUMEROS - ENSEÑANZA - ALBUMES
_930962
942 _2ddc
_cBK
999 _c30254
_d30254